[Event "GER-ch U10"]
[Site "Oberhof"]
[Date "2011.06.13"]
[Round "3"]
[White "Fromm, Katja"]
[Black "Rosenthal, Moritz"]
[Result "1-0"]
[WhiteElo "1401"]
[BlackElo "847"]
[PlyCount "139"]
[EventDate "2011.06.11"]
[EventType "swiss"]
[EventRounds "11"]
[EventCountry "GER"]
[SourceTitle "CBM 142 Extra"]
[Source "ChessBase"]
[SourceDate "2011.06.27"]
[SourceVersion "1"]
[SourceVersionDate "2011.06.27"]
[SourceQuality "1"]

1. d4 d5 2. c4 e6 3. Nc3 Nf6 4. Nf3 Nbd7 5. a3 c5 6. Bg5 Qa5 7. Bxf6 Nxf6 8. Qa4+ Qxa4 9. Nxa4 b6 10. e3 Be7 11. Be2 0-0 12. Nc3 a6 13. 0-0 Bb7 14. Rad1 Rac8 15. cxd5 cxd4 16. Nxd4 Nxd5 17. Nxd5 exd5 18. Bf3 Rfd8 19. Rd2 Rd7 20. Bg4 Rd6 21. Bxc8 Bxc8 22. Rc1 Bd7 23. Rdc2 a5 24. Nc6 Bf6 25. Nb8 Be6 26. Rc6 Rxc6 27. Rxc6 Bxb2 28. Rxb6 Bxa3 29. Nc6 h6 30. Nxa5 Kh7 31. Kf1 Be7 32. Ke2 Kg6 33. Nb3 Bf6 34. Nd4 Bxd4 35. exd4 Kf5 36. Kf3 h5 37. h3 g6 38. g4+ hxg4+ 39. hxg4+ Kg5 40. Kg3 Bxg4 41. f4+ Kf5 42. Rb5 Be2 43. Rxd5+ Ke4 44. Re5+ Kd3 45. Rxe2 Kxd4 46. Re7 f6 47. Re6 g5 48. fxg5 fxg5 49. Kg4 Kd5 50. Re1 Kd4 51. Kxg5 Kd3 52. Kf4 Kd4 53. Rd1+ Kc5 54. Ke4 Kc6 55. Ke5 Kc5 56. Rc1+ Kb5 57. Kd4 Kb6 58. Kd5 Kb7 59. Kd6 Kb8 60. Kd7 Kb7 61. Rb1+ Ka6 62. Kc7 Ka5 63. Kc6 Ka4 64. Kc5 Ka3 65. Kc4 Ka2 66. Rb7 Ka3 67. Rb8 Ka2 68. Kc3 Ka1 69. Kc2 Ka2 70. Ra8# 1-0

[Event "GER-ch U10"]
[Site "Oberhof"]
[Date "2011.06.12"]
[Round "2"]
[White "Rosenhain, Rachela"]
[Black "Fromm, Katja"]
[Result "1/2-1/2"]
[WhiteElo "1190"]
[BlackElo "1401"]
[PlyCount "96"]
[EventDate "2011.06.11"]
[EventType "swiss"]
[EventRounds "11"]
[EventCountry "GER"]
[SourceTitle "CBM 142 Extra"]
[Source "ChessBase"]
[SourceDate "2011.06.27"]
[SourceVersion "1"]
[SourceVersionDate "2011.06.27"]
[SourceQuality "1"]

1. e4 c6 2. d4 d5 3. exd5 cxd5 4. Bd3 Nc6 5. c3 Nf6 6. Bf4 Bg4 7. Qb3 Qc8 8. Nd2 Qe6+ 9. Ne2 Bxe2 10. Bxe2 Qc8 11. 0-0 e6 12. Qd1 a6 13. Bd3 g6 14. Qf3 Bg7 15. Bd6 Qd7 16. Ba3 Ne7 17. Bc5 0-0 18. c4 Rfe8 19. Rfe1 h6 20. Re2 Kh7 21. Rae1 Rac8 22. cxd5 Nfxd5 23. Qxf7 Rf8 24. Qxe6 Qxe6 25. Rxe6 Nf4 26. Rxe7 Nxd3 27. R1e3 Nxc5 28. dxc5 Rxc5 29. Rxb7 Rc1+ 30. Nf1 Kh8 31. b4 Rd8 32. g3 Kg8 33. Kg2 Rdd1 34. Ree7 Bf8 35. Re8 Rxf1 36. Rbb8 g5 37. Rxf8+ Kg7 38. Rh8 Kg6 39. Rbg8+ Kh5 40. f4 Rg1+ 41. Kh3 gxf4 42. g4+ Rxg4 43. Rxg4 Rc3+ 44. Rg3 fxg3 45. hxg3 Rc4 46. Rg8 Rc3 47. a4 a5 48. bxa5 Rxg3+ 1/2-1/2

[Event "Sachsen-ch U10 Girls"]
[Site "Sebnitz"]
[Date "2011.04.26"]
[Round "1"]
[White "Kahle, Leonie"]
[Black "Fromm, Katja"]
[Result "0-1"]
[WhiteElo "931"]
[BlackElo "1256"]
[PlyCount "112"]
[EventDate "2011.04.26"]
[EventType "swiss"]
[EventRounds "7"]
[EventCountry "GER"]
[SourceTitle "EXT 2012"]
[Source "ChessBase"]
[SourceDate "2011.11.24"]
[SourceVersion "1"]
[SourceVersionDate "2011.11.24"]
[SourceQuality "1"]

1. e4 c6 2. Nc3 d5 3. Nf3 dxe4 4. Nxe4 Bf5 5. Bd3 e6 6. b3 Nf6 7. Qe2 Be7 8. Nxf6+ Bxf6 9. Rb1 Bxd3 10. cxd3 0-0 11. Bb2 Bxb2 12. Rxb2 Nd7 13. d4 Re8 14. 0-0 Qf6 15. Ne5 c5 16. Nxd7 Qxd4 17. Rc2 Qxd7 18. Rxc5 Rac8 19. Rcc1 h6 20. h4 Rxc1 21. Rxc1 Rd8 22. Rc2 Rc8 23. Rxc8+ Qxc8 24. g4 Qc1+ 25. Kg2 Qa3 26. d4 Qa5 27. b4 Qxb4 28. Qe5 a6 29. Qb8+ Kh7 30. Qe5 Qa4 31. g5 Qc6+ 32. Kg3 Qd5 33. Qe3 hxg5 34. hxg5 g6 35. Qf4 Qf5 36. Qh4+ Kg8 37. a4 b5 38. d5 exd5 39. axb5 axb5 40. Qb4 Qd3+ 41. f3 Qc4 42. Qxc4 dxc4 43. Kf2 Kf8 44. Ke3 Ke7 45. Kd4 Ke6 46. Kc5 c3 47. Kxb5 c2 48. Kc4 c1Q+ 49. Kd4 Qa3 50. f4 Qb4+ 51. Ke3 Kf5 52. Kd3 Kxf4 53. Ke2 Qc3 54. Kf2 Qd2+ 55. Kg1 Kg3 56. Kf1 Qf2# 0-1